Ambient Intelligence: Impact on Embedded Sytem Design

Hugo de Man Professor Katholieke Universiteit Leuven Senior Research Fellow IMEC The steady evolution of hardware, software and communications technology is rapidly transforming the PC- and dot.com world into the world of Ambient Intelligence (AmI). This next wave of information technology is fundam...

Πλήρης περιγραφή

Λεπτομέρειες βιβλιογραφικής εγγραφής
Συγγραφή απο Οργανισμό/Αρχή: SpringerLink (Online service)
Άλλοι συγγραφείς: Basten, Twan (Επιμελητής έκδοσης), Geilen, Marc (Επιμελητής έκδοσης), Groot, Harmke de (Επιμελητής έκδοσης)
Μορφή: Ηλεκτρονική πηγή Ηλ. βιβλίο
Γλώσσα:English
Έκδοση: Boston, MA : Springer US, 2003.
Θέματα:
Διαθέσιμο Online:Full Text via HEAL-Link
LEADER 04472nam a22005415i 4500
001 978-0-306-48706-4
003 DE-He213
005 20151204183519.0
007 cr nn 008mamaa
008 100301s2003 xxu| s |||| 0|eng d
020 |a 9780306487064  |9 978-0-306-48706-4 
024 7 |a 10.1007/b105278  |2 doi 
040 |d GrThAP 
050 4 |a TA345-345.5 
072 7 |a UGC  |2 bicssc 
072 7 |a COM007000  |2 bisacsh 
082 0 4 |a 620.00420285  |2 23 
245 1 0 |a Ambient Intelligence: Impact on Embedded Sytem Design  |h [electronic resource] /  |c edited by Twan Basten, Marc Geilen, Harmke de Groot. 
264 1 |a Boston, MA :  |b Springer US,  |c 2003. 
300 |a VIII, 348 p.  |b online resource. 
336 |a text  |b txt  |2 rdacontent 
337 |a computer  |b c  |2 rdamedia 
338 |a online resource  |b cr  |2 rdacarrier 
347 |a text file  |b PDF  |2 rda 
505 0 |a Omnia Fieri Possent -- Embedded System Design Issues in Ambient Intelligence -- Ambient Intelligence: A Computational Platform Perspective -- Ambient Intelligence and the Development of Embedded System Software -- Preparation of Heterogeneous Networks for Ambient Intelligence -- The Butt of the Iceberg: Hidden Security Problems of Ubiquitous Systems -- Emerging Challenges in Designing Secure Mobile Appliances -- The Domestic Robot - A Friendly Cognitive System Takes Care of your Home -- QoS-Based Resource Management for Ambient Intelligence -- Terminal QoS: Advanced Resource Management for Cost-Effective Multimedia Appliances in Dynamic Contexts -- Scalability and Error Protection - Means for Error-Resilient, Adaptable Image Transmission in Heterogeneous Environments -- Metaprogramming Techniques for Designing Embedded Components for Ambient Intelligence -- Application-Domain-Driven System Design for Pervasive Video Processing -- Collaborative Algorithms for Communication in Wireless Sensor Networks -- Energy-Efficient Communication for High Density Networks -- Application Re-Mapping for Fault-Tolerance in Ambient Intelligent Systems. 
520 |a Hugo de Man Professor Katholieke Universiteit Leuven Senior Research Fellow IMEC The steady evolution of hardware, software and communications technology is rapidly transforming the PC- and dot.com world into the world of Ambient Intelligence (AmI). This next wave of information technology is fundam- tally different in that it makes distributed wired and wireless computing and communication disappear to the background and puts users to the foreground. AmI adapts to people instead of the other way around. It will augment our consciousness, monitor our health and security, guide us through traffic etc. In short, its ultimate goal is to improve the quality of our life by a quiet, reliable and secure interaction with our social and material environment. What makes AmI engineering so fascinating is that its design starts from studying person to world interactions that need to be implemented as an int- ligent and autonomous interplay of virtually all necessary networked electronic intelligence on the globe. This is a new and exciting dimension for most elect- cal and software engineers and may attract more creative talent to engineering than pure technology does. Development of the leading technology for AmI will only succeed if the engineering research community is prepared to join forces in order to make Mark Weiser’s dream of 1991 come true. This will not be business as usual by just doubling transistor count or clock speed in a microprocessor or increasing the bandwidth of communication. 
650 0 |a Computer science. 
650 0 |a Microprocessors. 
650 0 |a Computer communication systems. 
650 0 |a Multimedia information systems. 
650 0 |a Computer-aided engineering. 
650 0 |a Electrical engineering. 
650 1 4 |a Computer Science. 
650 2 4 |a Computer-Aided Engineering (CAD, CAE) and Design. 
650 2 4 |a Electrical Engineering. 
650 2 4 |a Processor Architectures. 
650 2 4 |a Multimedia Information Systems. 
650 2 4 |a Computer Communication Networks. 
700 1 |a Basten, Twan.  |e editor. 
700 1 |a Geilen, Marc.  |e editor. 
700 1 |a Groot, Harmke de.  |e editor. 
710 2 |a SpringerLink (Online service) 
773 0 |t Springer eBooks 
776 0 8 |i Printed edition:  |z 9781402076688 
856 4 0 |u http://dx.doi.org/10.1007/b105278  |z Full Text via HEAL-Link 
912 |a ZDB-2-SCS 
912 |a ZDB-2-BAE 
950 |a Computer Science (Springer-11645)